| 000 | 00756nam a2200205Ii 4500 | ||
|---|---|---|---|
| 003 | JO-AjNU | ||
| 008 | 230605s9999||||xx |||||||||||||| ||und|| | ||
| 040 |
_aJO-AjNU _bara _erda _cJO-AjNU |
||
| 041 | _aara | ||
| 050 | 1 | 4 | _aBP187.6.J372 1981 |
| 100 | 3 |
_aالحنبلي، تقي الدين أبي بكر بن زيد الجراعي ؛ تحقيق: طه الولي, _eauthor _917386 |
|
| 245 | 0 | 0 | _aتحفة الراكع والساجد في أحكام المساجد |
| 250 | _aط1 | ||
| 264 | 3 | 1 | _aدمشق- بيروت: المكتب الاسلامي، 1981 |
| 300 | _a259ص | ||
| 336 |
_atext _btxt _2rdacontent |
||
| 337 |
_aunmediated _bn _2rdamedia |
||
| 338 |
_avolume _bnc _2rdacarrier |
||
| 650 | 4 |
_aالمساجد- الاحكام الشرعية _917387 |
|
| 999 |
_aA5359 _c8927 _d8927 |
||